000 00907nam a2200265Ia 4500
003 OSt
005 20220923225205.0
006 a|||||r|||| 00| 0
007 ta
008 220922b |||||||| |||| 00| 0 hin d
024 _a259,563
037 _cTextual
040 _aARTS
_cARTS
_bhin
041 _2hin
_ahin
082 _aV2yM61, 152M8
100 _aमिश्र, संध्या
_9156318
245 0 _aमोतीलाल नेहरू और भारतीय राजनीति
246 _aMotīlāl neharū aur bhāratīya rājanīti
260 _aदिल्ली
_b बी आर प्रकाशन
_c1988
300 _a308पृ.
_ccm.
650 _a भारत-इतिहास
_9156353
650 _aविश्व-इतिहास
942 _hV2yM61, 152M8
_cTEXL
_2CC
999 _c376622
_d376622